Zušľachťovanie metalických substrátov pre potlač UV ofsetovou tlačou

Na minha lista:
Detalhes bibliográficos
Autor principal: Hanzel, Martin (Author)
Outros Autores: Čeppan, Michal (Thesis advisor)
Formato: Manuscrito Livro
Idioma:eslovaco
Publicado em: 2018
Assuntos:
Acesso em linha:http://is.stuba.sk/zp/portal_zp.pl?podrobnosti=126560
Tags: Adicionar Tag
Sem tags, seja o primeiro a adicionar uma tag!

MARC

LEADER 00000ntm a22000003a 4500
001 stuzp69875
003 SK-STU
005 20180623211130.2
007 ta
008 150427s2015----xo-----f-mn---000-0-slo-d
040 |a STU  |b slo 
041 0 |a slo 
100 1 |a Hanzel, Martin  |u 049160  |4 aut  |U FCHPT Ústav prírodných a syntetických polymérov  |T FCHPT Oddelenie polygrafie a aplikovanej fotochémie  |X 81933  |U C9160  |Y 127  |7 81933 
242 0 1 |a Refining of Metallic Substrates for UV Offset Printing  |y eng 
245 1 0 |a Zušľachťovanie metalických substrátov pre potlač UV ofsetovou tlačou 
260 |c 2018 
650 4 |a UV ofset  |2 slo 
650 4 |a UV flexo  |2 slo 
650 4 |a primer lak  |2 slo 
650 4 |a povrchové napätie  |2 slo 
650 4 |a adhézia  |2 slo 
650 4 |a UV offset  |2 eng 
650 4 |a UV flexo  |2 eng 
650 4 |a primer varnish  |2 eng 
650 4 |a surface tension  |2 eng 
650 4 |a adhesion  |2 eng 
700 1 |a Čeppan, Michal  |u 049160  |k Z1  |4 ths  |U FCHPT Ústav prírodných a syntetických polymérov  |T FCHPT Oddelenie polygrafie a aplikovanej fotochémie  |X 3317  |U C9160  |Y 127  |7 A000003317 
856 4 |u http://is.stuba.sk/zp/portal_zp.pl?podrobnosti=126560